000 00911cam a22002651 4500
001 3256
003 BD-RjUL
005 20211208233712.0
008 131218s1965 nyua 001 0 eng
035 _a(BD-RjUL)3290
035 _a(OCoLC)4869045
040 _aDLC
_cPPiC
_dUk
_dDLC
_dBD-RjUL
_beng
041 1 _aeng
_hrus
082 _a658.5
_bKAB 1965
100 1 _aKantorovich, L. V.
_q(Leonid Vitalʹevich),
_d1912-1986.
_910288
245 1 4 _aThe best use of economic resources /
_cby L.V. Kantorovich. English ed. edited by G. Morton. Translated from the Russian by P.F. Knightsfield.
260 _aNew York ;
_bPergamon Press;
_cc1965.
300 _axxxiii, 349 p. :
_billus. ;
_c23 cm.
504 _aIncludes Index & bibliographical references.
650 0 _aIndustrial efficiency.
_96102
650 0 _aIndustrial management.
_910289
942 _2ddc
_cBK
999 _c3256
_d3256